| 000 | 01061nam a2200277 i 4500 | ||
|---|---|---|---|
| 001 | 66463 | ||
| 003 | ES-MaACL | ||
| 005 | 20250831103821.0 | ||
| 007 | t| | ||
| 008 | 010713s2000 sp ||||0| spa d | ||
| 020 | _a84-7821-447-X | ||
| 040 |
_aM-BN _bspa _cM-BN |
||
| 080 | _a726.54(460.156 Laguardia) | ||
| 100 | 1 |
_aLahoz, M. Lucía. _969650 |
|
| 245 | 1 | 0 |
_aSanta María de los Reyes de Laguardia _b: el pórtico en imágenes, el pórtico imaginado / _cLucía Lahoz ; [fotografías, Miguel Angel Quintas]. |
| 260 |
_aVitoria-Gasteiz : _bDiputación Foral de Alava, Departamento de Cultura, _c[2000] |
||
| 300 |
_a297 p : _bprincipalmente il. col. ; _c29 cm. |
||
| 504 | _aBibiografía p. 294-297. | ||
| 610 | 2 | 4 |
_aIglesia de Santa María de los Reyes (Laguardia) _94683 |
| 650 | 1 | 4 |
_aIconografía religiosa- _zÁlava _913522 |
| 650 | 1 | 4 |
_aEscultura gótica- _zÁlava _912442 |
| 700 | 1 |
_aQuintas, Miguel Angel. _994712 |
|
| 710 | 1 |
_aÁlava. _bConsejo de Cultura. _91309 |
|
| 852 |
_aES-MaACL _jL-26965 _bR.132336 |
||
| 999 |
_c66463 _d66463 |
||